000
00252nmm a2200085Ia 4500
008
220120s9999||||xx |||||||||||||||||und||
100
_a
DIGIT-JAN-2009
245
0
_a
10hd movie trailars, 5games, 7games trailers 1gb of multimed
260
_a
Infomedia18
_c
2009
999
_c
139270
_d
139270